Jawaharlal Nehru: (Record no. 167154)

MARC details
000 -LEADER
fixed length control field 00546nam a22001817a 4500
005 - DATE AND TIME OF LATEST TRANSACTION
control field 20231114104918.0
010 ## - LCCN (DPL NO)
LC control number ENG-126277
020 ## - INTERNATIONAL STANDARD BOOK NUMBER
Terms of availability 750.00
International Standard Book Number 9789381234051
035 ## - SYSTEM CONTROL NUMBER
System control number EN-109809
037 ## - SOURCE OF ACQUISITION
Source of stock number/acquisition DBAD/PUB
082 ## - DEWEY DECIMAL CLASSIFICATION NUMBER
Classification number 954.042
100 ## - MAIN ENTRY--PERSONAL NAME
Personal name Ashraf Ali
245 ## - TITLE STATEMENT
Title Jawaharlal Nehru:
Statement of responsibility, etc by Ashraf Ali
Remainder of title maker of modern india/
Medium English
260 ## - PUBLICATION, DISTRIBUTION, ETC. (IMPRINT)
Place of publication, distribution, etc Delhi
Name of publisher, distributor, etc Ankit Publications
Date of publication, distribution, etc 2019
270 ## - ADDRESS
City Delhi
Address R-69,Third Floor,Model Town-III,
Postal code 110009
300 ## - PHYSICAL DESCRIPTION
Extent 288p.
Dimensions 23cm(HB)
942 ## - ADDED ENTRY ELEMENTS (KOHA)
Source of classification or shelving scheme Dewey Decimal Classification
Item type English Books
Classification part 954.042
Call number suffix NEH
Holdings
Withdrawn status Lost status Not for loan Collection code Home library Current library Date acquired Source of acquisition Cost, normal purchase price Full call number Barcode Copy number Cost, replacement price Koha item type
      Non-fiction Tri Nagar Tri Nagar 14/11/2023 DBAD/PUB 750.00 954.042 NEH EN-109809 1 750.00 English Books

© Delhi Public Library
Hit Counter
free hit counter